<?xml version="1.0" encoding="UTF-8"?>
<record
    xmlns:xsi="http://www.w3.org/2001/XMLSchema-instance"
    xsi:schemaLocation="http://www.loc.gov/MARC21/slim http://www.loc.gov/standards/marcxml/schema/MARC21slim.xsd"
    xmlns="http://www.loc.gov/MARC21/slim">

  <leader>00599nam a22002417a 4500</leader>
  <controlfield tag="003">UA-OsUOA</controlfield>
  <controlfield tag="001"> 23854 </controlfield>
  <controlfield tag="007">ta</controlfield>
  <controlfield tag="008">20040130b un ||||| |||| 00| 0 ukr d</controlfield>
  <datafield tag="100" ind1=" " ind2=" ">
    <subfield code="a">&#x41C;&#x456;&#x434;&#x43E;&#x440; &#x414;&#x436;&#x43E;&#x43D; &#x414;&#x430;&#x43D;&#x456;&#x435;&#x43B;</subfield>
  </datafield>
  <datafield tag="090" ind1=" " ind2=" ">
    <subfield code="a">343.11(73)</subfield>
    <subfield code="b">&#x41C;57</subfield>
  </datafield>
  <datafield tag="942" ind1=" " ind2=" ">
    <subfield code="c">BK</subfield>
  </datafield>
  <datafield tag="040" ind1=" " ind2=" ">
    <subfield code="a">UA-OsUOA</subfield>
    <subfield code="b">ukr</subfield>
    <subfield code="c">UA-OsUOA</subfield>
    <subfield code="d">UA-OsUOA</subfield>
  </datafield>
  <datafield tag="245" ind1=" " ind2=" ">
    <subfield code="a">&#x421;&#x443;&#x434;&#x438; &#x432; &#x421;&#x43F;&#x43E;&#x43B;&#x443;&#x447;&#x435;&#x43D;&#x438;&#x445; &#x428;&#x442;&#x430;&#x442;&#x430;&#x445;</subfield>
  </datafield>
  <datafield tag="300" ind1=" " ind2=" ">
    <subfield code="a">85 &#x441;.</subfield>
  </datafield>
  <datafield tag="955" ind1=" " ind2=" ">
    <subfield code="a">0</subfield>
  </datafield>
  <datafield tag="041" ind1=" " ind2=" ">
    <subfield code="a">ukr</subfield>
  </datafield>
  <datafield tag="080" ind1=" " ind2=" ">
    <subfield code="a">343.11(73)</subfield>
  </datafield>
  <datafield tag="260" ind1=" " ind2=" ">
    <subfield code="a">&#x421;&#x435;&#x43D;&#x442;-&#x41F;&#x43E;&#x43B;</subfield>
    <subfield code="b">&#x412;&#x435;&#x441;&#x442; &#x41F;&#x430;&#x431;&#x43B;&#x456;&#x448;&#x438;&#x43D;&#x433; &#x41A;&#x43E;</subfield>
    <subfield code="c">1991</subfield>
  </datafield>
  <datafield tag="044" ind1=" " ind2=" ">
    <subfield code="a">UA</subfield>
  </datafield>
  <datafield tag="650" ind1=" " ind2="7">
    <subfield code="2">UDC</subfield>
  </datafield>
  <datafield tag="999" ind1=" " ind2=" ">
    <subfield code="c">310114</subfield>
    <subfield code="d">310114</subfield>
  </datafield>
  <datafield tag="952" ind1=" " ind2=" ">
    <subfield code="0">0</subfield>
    <subfield code="1">0</subfield>
    <subfield code="2">udc</subfield>
    <subfield code="4">0</subfield>
    <subfield code="7">0</subfield>
    <subfield code="a">102</subfield>
    <subfield code="b">102</subfield>
    <subfield code="d">2004-01-30</subfield>
    <subfield code="g">5.00</subfield>
    <subfield code="i">77160</subfield>
    <subfield code="l">0</subfield>
    <subfield code="o">343.11(73) &#x41C;57</subfield>
    <subfield code="p">77160</subfield>
    <subfield code="r">2022-02-06 00:00:00</subfield>
    <subfield code="w">2004-01-30</subfield>
    <subfield code="y">BK</subfield>
  </datafield>
</record>
